MARC details
| 001 - CONTROL NUMBER |
| control field |
23725480 |
| 003 - CONTROL NUMBER IDENTIFIER |
| control field |
0000 |
| 005 - DATE AND TIME OF LATEST TRANSACTION |
| control field |
20260409131256.0 |
| 008 - FIXED-LENGTH DATA ELEMENTS--GENERAL INFORMATION |
| fixed length control field |
240608s2025 enk b 001 0 eng |
| 010 ## - LIBRARY OF CONGRESS CONTROL NUMBER |
| LC control number |
2024015115 |
| 020 ## - INTERNATIONAL STANDARD BOOK NUMBER |
| International Standard Book Number |
9781032550770 |
| 020 ## - INTERNATIONAL STANDARD BOOK NUMBER |
| International Standard Book Number |
9781032550787 |
| 020 ## - INTERNATIONAL STANDARD BOOK NUMBER |
| Cancelled/invalid ISBN |
9781003428923 |
| 035 ## - SYSTEM CONTROL NUMBER |
| System control number |
23725480 |
| 040 ## - CATALOGING SOURCE |
| Original cataloging agency |
DLC |
| Language of cataloging |
eng |
| Description conventions |
rda |
| Transcribing agency |
DLC |
| 042 ## - AUTHENTICATION CODE |
| Authentication code |
pcc |
| 050 00 - LIBRARY OF CONGRESS CALL NUMBER |
| Classification number |
PN 4784.E5 |
| Item number |
.D355 2025 |
| 082 00 - DEWEY DECIMAL CLASSIFICATION NUMBER |
| Classification number |
070.9/052 |
| Edition number |
23/eng/20240618 |
| 100 ## - MAIN ENTRY--PERSONAL NAME |
| Relator code |
Editor |
| Personal name |
Tong, Jingrong |
| 245 00 - TITLE STATEMENT |
| Title |
Data journalism and the COVID-19 disruption / |
| Statement of responsibility, etc |
edited by Jingrong Tong. |
| 264 #1 - PUBLICATION, DISTRIBUTION, ETC. (IMPRINT) |
| Place of publication, distribution, etc |
Abingdon, Oxon ; |
| -- |
New York, NY : |
| Name of publisher, distributor, etc |
Routledge, |
| Date of publication, distribution, etc |
2025. |
| 300 ## - PHYSICAL DESCRIPTION |
| Extent |
xvii, 245p. |
| Dimensions |
24 cm |
| Other physical details |
ill.: |
| 336 ## - CONTENT TYPE |
| Content type term |
text |
| Content type code |
txt |
| Source |
rdacontent |
| 337 ## - MEDIA TYPE |
| Media type term |
unmediated |
| Media type code |
n |
| Source |
rdamedia |
| 338 ## - CARRIER TYPE |
| Carrier type term |
volume |
| Carrier type code |
nc |
| Source |
rdacarrier |
| 490 0# - SERIES STATEMENT |
| Series statement |
Routledge research in journalism |
| 500 ## - GENERAL NOTE |
| General note |
Includes bibliographical references and index. |
| 504 ## - BIBLIOGRAPHY, ETC. NOTE |
| Bibliography, etc |
Includes bibliographical references and index. |
| 505 0# - FORMATTED CONTENTS NOTE |
| Formatted contents note |
Four shifts in data journalism practice during the COVID-19 pandemic / Ashley Kirk -- Communicating uncertainty in data journalism during the Covid-19 pandemic / Paul Bradshaw -- Data journalism and investigative news reporting practices during the pandemic : the case of Zimbabwe and South Africa / Allen Munoriyarwa and Sarah Chiumbu -- Beyond the numbers : spotlight on data and citizen journalism during Australia's Covid-19 crisis / Kim Doyle -- The ethics of data journalism in a pandemic / Nathan Sparkes -- Automating the COVID-19 story in the newsroom / Carmen Aguilar Garca̕ -- Data journalism practices during COVID-19 in the main Spanish newspapers : features of data-driven stories and the influence of the pandemic on newsrooms / Alba Cr̤doba-Cabs͠ and Pedro Farias-Batlle -- Longitudinal reporting and the COVID-19 pandemic : the need for integrated newsroom data practice / Joanna S Kao and Susan E McGregor -- Factors influencing audience engagement with COVID-19 data visualisations : a case study / Jingrong Tong -- The audience turn in data journalism : how do data journalists conceptualize and perform audience engagement? / Lindita Camaj, Jason A. Martin, and Gerry Lanosga -- Trustworthiness, accuracy, and transparency : the audience's perceptions of how the audience perceived errors in data journalism / Mathias-Felipe de-Lima-Santos and Marl̕ia Gehrke -- From restrictions on freedom of expression and access to COVID-19 : OpenSource data in investigative Arab journalism / Miral Sabry Al Ashry -- Shaping data journalism in times of crisis : critical perspectives on the role of the state / Shangyuan Wu -- Data journalism and public health during and after the COVID-19 pandemic : opportunities and challenges to improve pandemic preparedness and research / Angel N. Desai, Sangeeta Bhatia, Anne Cori, and Britta Lassmann. |
| 520 ## - SUMMARY, ETC. |
| Summary, etc |
"Data Journalism and the COVID-19 Disruption offers an international, multidisciplinary account of how and to what extent the COVID-19 pandemic has been a blessing for data journalism. Bringing together insights into current developments in data journalism during (and since the onset of) the COVID-19 pandemic from word-leading data journalism practitioners and academics, the book draws on case studies and examples from different countries to critically reflect on emerging data journalism practices during the pandemic and their sustainability and implications for journalism and newsroom work in the post-pandemic era. The chapters document changes in the practice and integration of data journalism into newsrooms and the 24/7 news cycle after the unexpected onset of the pandemic, and explore how newsrooms and journalists are coping with the sudden and immense demand for data journalism and related challenges. The book also scrutinizes the implications for understanding the roles played by newsroom structure and operation, the uncertain nature of data, and the relationship between journalism and other social entities such as audiences and the state in journalism's development through times of crisis. Offering a timely contribution to the discussions on how data journalism evolved during a time of crisis, this volume will appeal to scholars and students of data journalism, journalism practice, media and communication studies, and media industry studies"-- |
| Assigning source |
Provided by publisher. |
| 650 #0 - SUBJECT ADDED ENTRY--TOPICAL TERM |
| Topical term or geographic name as entry element |
Journalism |
| General subdivision |
Data processing |
| Form subdivision |
Case studies. |
| 650 #0 - SUBJECT ADDED ENTRY--TOPICAL TERM |
| Topical term or geographic name as entry element |
COVID-19 Pandemic, 2020-2023, in mass media |
| Form subdivision |
Case studies. |
| 650 #0 - SUBJECT ADDED ENTRY--TOPICAL TERM |
| Topical term or geographic name as entry element |
Science journalism |
| Form subdivision |
Case studies. |
| 650 #0 - SUBJECT ADDED ENTRY--TOPICAL TERM |
| Topical term or geographic name as entry element |
Investigative reporting |
| Form subdivision |
Case studies. |
| 655 #7 - INDEX TERM--GENRE/FORM |
| Genre/form data or focus term |
Case studies. |
| Source of term |
lcgft |
| Authority record control number |
https://id.loc.gov/authorities/genreForms/gf2017026140 |
| 700 1# - ADDED ENTRY--PERSONAL NAME |
| Personal name |
Tong, Jingrong, |
| Relator term |
editor. |
| 776 08 - ADDITIONAL PHYSICAL FORM ENTRY |
| Relationship information |
Online version: |
| Title |
Data journalism and the COVID-19 disruption |
| Place, publisher, and date of publication |
Abingdon, Oxon ; New York, NY : Routledge, 2025 |
| International Standard Book Number |
9781003428923 |
| Record control number |
(DLC) 2024015116 |
| 906 ## - LOCAL DATA ELEMENT F, LDF (RLIN) |
| a |
7 |
| b |
cbc |
| c |
orignew |
| d |
1 |
| e |
ecip |
| f |
20 |
| g |
y-gencatlg |
| 942 ## - ADDED ENTRY ELEMENTS (KOHA) |
| Source of classification or shelving scheme |
Library of Congress Classification |
| Koha item type |
Books |